[Event "HUN-chT2 Toth 1819"]
[Site "Hungary"]
[Date "2019.02.10"]
[Round "7.2"]
[White "Vamos, Viktor"]
[Black "Leszko, Bence"]
[Result "0-1"]
[WhiteElo "2193"]
[BlackElo "2060"]
[PlyCount "90"]
[EventDate "2018.09.23"]
[EventType "team-tourn"]
[EventRounds "11"]
[EventCountry "HUN"]
[SourceTitle "EXT 2021"]
[Source "ChessBase"]
[SourceDate "2020.10.23"]
[SourceVersion "1"]
[SourceVersionDate "2020.10.23"]
[SourceQuality "1"]
[WhiteTeam "Kecskemet Takisz"]
[BlackTeam "Mako Duocor II"]
[WhiteTeamCountry "HUN"]
[BlackTeamCountry "HUN"]

1. d4 e6 2. Nf3 Nf6 3. g3 b6 4. Bg2 Bb7 5. 0-0 Be7 6. c4 0-0 7. b3 d6 8. Bb2 Nbd7 9. Nc3 Ne4 10. Nd2 Nxc3 11. Bxc3 Bxg2 12. Kxg2 e5 13. dxe5 dxe5 14. Nf3 Bf6 15. e4 Re8 16. b4 c5 17. b5 Qc7 18. Qc2 Nf8 19. Qb2 Qb7 20. Rfe1 Rad8 21. a4 Ne6 22. a5 Nd4 23. Bxd4 exd4 24. axb6 axb6 25. Ra6 Rxe4 26. Rxb6 Qe7 27. Rd1 Re2 28. Qb3 h6 29. Rd3 Bg5 30. Ra6 Be3 31. Ra2 Bg5 32. Rxe2 Qxe2 33. Nxg5 hxg5 34. Qd1 Qe4+ 35. Qf3 Qe6 36. Rb3 Qxc4 37. b6 g4 38. Qd1 Qd5+ 39. Kg1 c4 40. Rb4 Qc5 41. Qa4 c3 42. b7 c2 43. Rxd4 c1Q+ 44. Kg2 Qc6+ 45. Qxc6 Qxc6+ 0-1

[Event "HUN-chT2 Toth 1819"]
[Site "Hungary"]
[Date "2018.09.23"]
[Round "1.1"]
[White "Vamos, Viktor"]
[Black "Vilagos, Nandor"]
[Result "1/2-1/2"]
[WhiteElo "2193"]
[BlackElo "2009"]
[PlyCount "21"]
[EventDate "2018.09.23"]
[EventType "team-tourn"]
[EventRounds "11"]
[EventCountry "HUN"]
[SourceTitle "EXT 2021"]
[Source "ChessBase"]
[SourceDate "2020.10.23"]
[SourceVersion "1"]
[SourceVersionDate "2020.10.23"]
[SourceQuality "1"]
[WhiteTeam "Kecskemet Takisz"]
[BlackTeam "Felegyhaza Csongrad"]
[WhiteTeamCountry "HUN"]
[BlackTeamCountry "HUN"]

1. Nf3 d5 2. d4 Nf6 3. g3 b6 4. Bg2 Bb7 5. 0-0 e6 6. b3 Be7 7. Bb2 0-0 8. c4 c5 9. e3 Nbd7 10. Ne5 Qc7 11. f4 1/2-1/2

[Event "HUN-chT2 Toth 1718"]
[Site "Hungary"]
[Date "2018.02.18"]
[Round "8.2"]
[White "Vamos, Viktor"]
[Black "Tamas, Kornel"]
[Result "1-0"]
[WhiteElo "2187"]
[BlackElo "2016"]
[PlyCount "57"]
[EventDate "2017.09.24"]
[EventType "team-tourn"]
[EventRounds "11"]
[EventCountry "HUN"]
[SourceTitle "EXT 2021"]
[Source "ChessBase"]
[SourceDate "2020.10.23"]
[SourceVersion "1"]
[SourceVersionDate "2020.10.23"]
[SourceQuality "1"]
[WhiteTeam "Kecskemet Takisz"]
[BlackTeam "Gyula"]
[WhiteTeamCountry "HUN"]
[BlackTeamCountry "HUN"]

1. d4 d5 2. c4 c6 3. e3 Nf6 4. Nc3 e6 5. Nf3 Nbd7 6. Bd3 dxc4 7. Bxc4 b5 8. Bd3 a6 9. 0-0 c5 10. e4 cxd4 11. Nxd4 Nc5 12. e5 Nxd3 13. Qxd3 Nd5 14. Rd1 Bb7 15. a4 b4 16. Ne4 Be7 17. Qg3 g6 18. Bh6 Qd7 19. Rac1 Qxa4 20. Qh3 Kd7 21. Qf3 Ke8 22. Nd6+ Bxd6 23. exd6 Rb8 24. Nxe6 fxe6 25. Rxd5 Qd7 26. Qf6 Rg8 27. Re5 Bc8 28. Rxc8+ Qxc8 29. Qe7# 1-0

[Event "Kecskemet Caissa IM 07"]
[Site "Kecskemet"]
[Date "2015.07.25"]
[Round "5"]
[White "Nemeth, Miklos"]
[Black "Vamos, Viktor"]
[Result "1/2-1/2"]
[WhiteElo "2461"]
[BlackElo "2190"]
[PlyCount "38"]
[EventDate "2015.07.21"]
[EventType "tourn"]
[EventRounds "9"]
[EventCountry "HUN"]
[SourceTitle "EXT 2016"]
[Source "ChessBase"]
[SourceDate "2015.10.08"]
[SourceVersion "1"]
[SourceVersionDate "2015.10.08"]
[SourceQuality "1"]

1. e4 e6 2. d4 d5 3. Nd2 dxe4 4. Nxe4 Nd7 5. Nf3 Ngf6 6. Nxf6+ Nxf6 7. Be3 Nd5 8. Bd2 c5 9. Bb5+ Bd7 10. Bxd7+ Qxd7 11. c4 Nb6 12. dxc5 Bxc5 13. b4 Be7 14. c5 Nc4 15. Bc3 Qxd1+ 16. Rxd1 a5 17. bxa5 Bf6 18. Bxf6 gxf6 19. 0-0 Nxa5 1/2-1/2

[Event "Kecskemet Caissa IM 04"]
[Site "Kecskemet"]
[Date "2014.04.26"]
[Round "9"]
[White "Vamos, Viktor"]
[Black "Keresztes, Mark"]
[Result "1/2-1/2"]
[WhiteElo "2206"]
[BlackElo "2131"]
[PlyCount "21"]
[EventDate "2014.04.18"]
[EventType "tourn"]
[EventRounds "10"]
[EventCountry "HUN"]
[SourceTitle "EXT 2015"]
[Source "ChessBase"]
[SourceDate "2014.11.20"]
[SourceVersion "1"]
[SourceVersionDate "2014.11.20"]
[SourceQuality "1"]

1. d4 d5 2. c4 e6 3. cxd5 exd5 4. Nf3 c6 5. Nc3 f5 6. Bf4 Nf6 7. e3 Bd6 8. Bxd6 Qxd6 9. Ne5 0-0 10. Bd3 Ne4 11. 0-0 1/2-1/2

[Event "Kecskemet Caissa IM 04"]
[Site "Kecskemet"]
[Date "2014.04.18"]
[Round "1"]
[White "Zsiros, Laszlo"]
[Black "Vamos, Viktor"]
[Result "0-1"]
[WhiteElo "1858"]
[BlackElo "2206"]
[PlyCount "91"]
[EventDate "2014.04.18"]
[EventType "tourn"]
[EventRounds "10"]
[EventCountry "HUN"]
[SourceTitle "EXT 2015"]
[Source "ChessBase"]
[SourceDate "2014.11.20"]
[SourceVersion "1"]
[SourceVersionDate "2014.11.20"]
[SourceQuality "1"]

1. d4 Nf6 2. c4 e6 3. Nc3 Bb4 4. Qc2 Nc6 5. e3 d6 6. Bd3 e5 7. Nge2 0-0 8. 0-0 Bxc3 9. bxc3 Re8 10. f3 Qe7 11. d5 Nb8 12. Ng3 g6 13. e4 Nfd7 14. Be3 b6 15. Qd2 Na6 16. Rae1 Nac5 17. Be2 Ba6 18. Bg5 f6 19. Be3 Nb7 20. Rb1 Ndc5 21. Rb4 Qd7 22. Qc2 c6 23. h3 cxd5 24. cxd5 Bxe2 25. Nxe2 Rac8 26. g4 Qe7 27. Kg2 Rc7 28. Rh1 Na5 29. h4 Rec8 30. g5 Na6 31. Rbb1 Nc4 32. Bc1 Nc5 33. Rb4 Nd7 34. h5 fxg5 35. hxg6 hxg6 36. Qd1 a5 37. Rb1 Nc5 38. Qg1 Qf6 39. Qh2 Rf8 40. Qg3 Rcf7 41. Ng1 Nxe4 42. Qg4 Ned2 43. Bxd2 Nxd2 44. Rxb6 e4 45. f4 Nc4 46. Rc6 0-1

[Event "HUN-chT2 Maroczy 1314"]
[Site "Hungary"]
[Date "2014.03.23"]
[Round "9"]
[White "Somogyi, Istvan"]
[Black "Vamos, Viktor"]
[Result "1/2-1/2"]
[WhiteElo "2177"]
[BlackElo "2181"]
[PlyCount "36"]
[EventDate "2013.09.08"]
[EventType "team-tourn"]
[EventRounds "11"]
[EventCountry "HUN"]
[SourceTitle "EXT 2016"]
[Source "ChessBase"]
[SourceDate "2015.10.08"]
[SourceVersion "1"]
[SourceVersionDate "2015.10.08"]
[SourceQuality "1"]
[WhiteTeam "Budapest MLTC II"]
[BlackTeam "Toth Laszlo"]
[WhiteTeamCountry "HUN"]
[BlackTeamCountry "HUN"]

1. d4 Nf6 2. c4 e6 3. Nf3 Bb4+ 4. Bd2 Bxd2+ 5. Qxd2 0-0 6. Nc3 Nc6 7. e4 d6 8. Be2 e5 9. d5 Ne7 10. 0-0 Ng6 11. Ne1 Ne8 12. Nd3 f5 13. f4 fxe4 14. Nxe4 Bf5 15. Bf3 exf4 16. Nxf4 Nxf4 17. Qxf4 Bxe4 18. Qxe4 Nf6 1/2-1/2

[Event "Kecskemet Caissa IM 12"]
[Site "Kecskemet"]
[Date "2014.01.02"]
[Round "7"]
[White "Vamos, Viktor"]
[Black "Holm, Kristian Stuvik"]
[Result "0-1"]
[WhiteElo "2187"]
[BlackElo "2297"]
[PlyCount "72"]
[EventDate "2013.12.27"]
[EventType "tourn"]
[EventRounds "9"]
[EventCountry "HUN"]
[SourceTitle "CBM 158 Extra"]
[Source "ChessBase"]
[SourceDate "2014.02.28"]
[SourceVersion "1"]
[SourceVersionDate "2014.02.28"]
[SourceQuality "1"]

1. d4 Nf6 2. Bg5 Ne4 3. Bf4 c5 4. f3 Qa5+ 5. c3 Nf6 6. Nd2 cxd4 7. Nb3 Qd8 8. cxd4 a5 9. a4 e6 10. e4 Nh5 11. Be3 Bb4+ 12. Nd2 0-0 13. Ne2 d5 14. e5 f6 15. Ng3 Nxg3 16. hxg3 fxe5 17. Qc2 g6 18. Bd3 Qf6 19. dxe5 Qxe5 20. Kf2 Nc6 21. Nb3 Be7 22. Bd2 Nb4 23. Bxb4 Bxb4 24. Rh4 Be7 25. Rg4 Qh5 26. Rf4 Rxf4 27. gxf4 Bd6 28. Nxa5 Qh4+ 29. Ke2 Qh2 30. Rf1 Qxf4 31. Rh1 Qe5+ 32. Kf1 Bb4 33. Qb1 Bxa5 34. Bxg6 hxg6 35. Qxg6+ Kf8 36. Rh7 Qe1# 0-1

[Event "Kecskemet Caissa IM 12"]
[Site "Kecskemet"]
[Date "2014.01.01"]
[Round "6"]
[White "Farkas, Tibor"]
[Black "Vamos, Viktor"]
[Result "1/2-1/2"]
[WhiteElo "2252"]
[BlackElo "2187"]
[PlyCount "34"]
[EventDate "2013.12.27"]
[EventType "tourn"]
[EventRounds "9"]
[EventCountry "HUN"]
[SourceTitle "CBM 158 Extra"]
[Source "ChessBase"]
[SourceDate "2014.02.28"]
[SourceVersion "1"]
[SourceVersionDate "2014.02.28"]
[SourceQuality "1"]

1. e4 Nf6 2. e5 Nd5 3. d4 d6 4. Nf3 c6 5. c4 Nc7 6. Nc3 Bg4 7. Be2 Bxf3 8. Bxf3 dxe5 9. dxe5 Qxd1+ 10. Bxd1 Nd7 11. f4 g6 12. Be3 Bg7 13. Bg4 Ne6 14. Bxe6 fxe6 15. 0-0 0-0 16. Rad1 Rfd8 17. h4 h6 1/2-1/2

[Event "Kecskemet Caissa IM 09"]
[Site "Kecskemet"]
[Date "2013.09.24"]
[Round "4"]
[White "Vamos, Viktor"]
[Black "Cuhendi, Sean Winshand"]
[Result "1/2-1/2"]
[WhiteElo "2181"]
[BlackElo "2338"]
[PlyCount "83"]
[EventDate "2013.09.21"]
[EventType "tourn"]
[EventRounds "9"]
[EventCountry "HUN"]
[EventCategory "1"]
[SourceTitle "CBM 156 Extra"]
[Source "ChessBase"]
[SourceDate "2013.10.22"]
[SourceVersion "1"]
[SourceVersionDate "2013.10.22"]
[SourceQuality "1"]

1. d4 Nf6 2. Bg5 d5 3. e3 Nbd7 4. Nf3 h6 5. Bh4 e6 6. Nbd2 Be7 7. Bd3 c5 8. c3 b6 9. 0-0 Bb7 10. Rc1 g5 11. Bg3 Ne4 12. Bxe4 dxe4 13. Ne5 h5 14. Nxd7 Qxd7 15. f3 h4 16. Be1 exf3 17. Nxf3 h3 18. Bg3 f6 19. dxc5 Qxd1 20. Rcxd1 hxg2 21. Rf2 bxc5 22. Ne1 Bd5 23. a3 0-0-0 24. Rfd2 Kb7 25. Nxg2 Kc6 26. Ne1 Be4 27. Rxd8 Rxd8 28. Rxd8 Bxd8 29. c4 Ba5 30. h4 Bd2 31. Kf2 Bc1 32. hxg5 Bxb2 33. gxf6 Bxf6 34. Ke2 Bb2 35. a4 Kb6 36. Nd3 Bxd3+ 37. Kxd3 Bf6 38. Kc2 a6 39. Bd6 Bd8 40. e4 Bc7 41. Be7 Be5 42. Bd8+ 1/2-1/2

[Event "HUN-chT2 Toth 1314"]
[Site "Hungary"]
[Date "2013.09.08"]
[Round "1.1"]
[White "Vamos, Viktor"]
[Black "Samu, Gabor Jr"]
[Result "1/2-1/2"]
[WhiteElo "2181"]
[BlackElo "2264"]
[PlyCount "21"]
[EventDate "2013.09.08"]
[EventType "team-tourn"]
[EventRounds "11"]
[EventCountry "HUN"]
[SourceTitle "EXT 2016"]
[Source "ChessBase"]
[SourceDate "2015.10.08"]
[SourceVersion "1"]
[SourceVersionDate "2015.10.08"]
[SourceQuality "1"]
[WhiteTeam "Toth Laszlo II"]
[BlackTeam "Bekes"]
[WhiteTeamCountry "HUN"]
[BlackTeamCountry "HUN"]

1. d4 e6 2. Nf3 Nf6 3. Bg5 h6 4. Bh4 Be7 5. Nbd2 d5 6. e3 0-0 7. Bd3 b6 8. Ne5 c5 9. c3 Bb7 10. 0-0 Nbd7 11. f4 1/2-1/2

[Event "HUN-chT2 Toth 1213"]
[Site "Hungary"]
[Date "2013.03.03"]
[Round "8.1"]
[White "Fekete, Albert"]
[Black "Vamos, Viktor"]
[Result "1/2-1/2"]
[WhiteElo "2270"]
[BlackElo "2206"]
[PlyCount "82"]
[EventDate "2012.09.16"]
[EventType "team-tourn"]
[EventRounds "11"]
[EventCountry "HUN"]
[SourceTitle "EXT 2014"]
[Source "ChessBase"]
[SourceDate "2013.11.20"]
[SourceVersion "1"]
[SourceVersionDate "2013.11.20"]
[SourceQuality "1"]
[WhiteTeam "Mezobereny"]
[BlackTeam "Toth Laszlo II"]
[WhiteTeamCountry "HUN"]
[BlackTeamCountry "HUN"]

1. Nf3 Nf6 2. g3 b6 3. Bg2 Bb7 4. 0-0 e6 5. d3 d5 6. Nbd2 c5 7. e4 Be7 8. e5 Nfd7 9. Re1 0-0 10. Nf1 Nc6 11. h4 Re8 12. Bh3 Nf8 13. h5 f6 14. N1h2 Nxe5 15. Nxe5 fxe5 16. Ng4 e4 17. dxe4 dxe4 18. h6 Qxd1 19. Rxd1 Rad8 20. Be3 Rxd1+ 21. Rxd1 Rd8 22. Rxd8 Bxd8 23. hxg7 Kxg7 24. Bh6+ Kg8 25. Kf1 Ng6 26. Ke1 Kf7 27. b3 Bf6 28. Nxf6 Kxf6 29. Bc1 h5 30. Bb2+ e5 31. Bc1 Ne7 32. Bd7 Nf5 33. c3 e3 34. Bxe3 Nxe3 35. fxe3 Kg5 36. Kf2 Be4 37. a3 a5 38. b4 axb4 39. axb4 cxb4 40. cxb4 h4 41. gxh4+ Kxh4 1/2-1/2

[Event "HUN-chT 1213"]
[Site "Hungary"]
[Date "2013.01.27"]
[Round "6"]
[White "Amstadt, Aron"]
[Black "Vamos, Viktor"]
[Result "1-0"]
[WhiteElo "2271"]
[BlackElo "2206"]
[PlyCount "71"]
[EventDate "2012.09.16"]
[EventType "team-tourn"]
[EventRounds "9"]
[EventCountry "HUN"]
[SourceTitle "EXT 2014"]
[Source "ChessBase"]
[SourceDate "2013.11.20"]
[SourceVersion "1"]
[SourceVersionDate "2013.11.20"]
[SourceQuality "1"]
[WhiteTeam "Decs"]
[BlackTeam "Toth Laszlo"]
[WhiteTeamCountry "HUN"]
[BlackTeamCountry "HUN"]

1. Nf3 Nf6 2. c4 e6 3. g3 d5 4. Bg2 c6 5. b3 Nbd7 6. Bb2 Be7 7. 0-0 0-0 8. d3 b6 9. Nbd2 Bb7 10. e4 dxe4 11. dxe4 Qc7 12. e5 Ne8 13. Qc2 c5 14. h4 Rd8 15. Ne4 Bc6 16. Rae1 Qb7 17. h5 h6 18. Bh3 f5 19. exf6 Nexf6 20. Bxe6+ Kh8 21. Nxf6 Bxf6 22. Nh4 Ne5 23. Bxe5 Bxh4 24. gxh4 Be8 25. Bg4 Qe7 26. Bg3 Qf6 27. Rd1 Rd4 28. Rxd4 cxd4 29. Rd1 Bc6 30. Qg6 Qxg6 31. hxg6 Rd8 32. Bc7 Re8 33. Rxd4 Re1+ 34. Kh2 Rh1+ 35. Kg3 Rg1+ 36. Kf4 1-0

[Event "HUN-chT2 Toth 1213"]
[Site "Hungary"]
[Date "2012.12.02"]
[Round "5.1"]
[White "Simonyi, Zoltan"]
[Black "Vamos, Viktor"]
[Result "1/2-1/2"]
[WhiteElo "2212"]
[BlackElo "2206"]
[PlyCount "66"]
[EventDate "2012.09.16"]
[EventType "team-tourn"]
[EventRounds "11"]
[EventCountry "HUN"]
[SourceTitle "EXT 2014"]
[Source "ChessBase"]
[SourceDate "2013.11.20"]
[SourceVersion "1"]
[SourceVersionDate "2013.11.20"]
[SourceQuality "1"]
[WhiteTeam "Ujszasz"]
[BlackTeam "Toth Laszlo II"]
[WhiteTeamCountry "HUN"]
[BlackTeamCountry "HUN"]

1. d4 Nf6 2. c4 e6 3. Nf3 Bb4+ 4. Bd2 Bxd2+ 5. Qxd2 0-0 6. Nc3 Nc6 7. d5 Ne7 8. e4 d6 9. g3 e5 10. Bg2 Ne8 11. 0-0 f5 12. exf5 Bxf5 13. Ng5 h6 14. Ne6 Bxe6 15. dxe6 c6 16. f4 Qb6+ 17. Kh1 Qd4 18. Qe2 exf4 19. Rad1 Qc5 20. gxf4 Rd8 21. Ne4 Qf5 22. Ng3 Qc5 23. b4 Qb6 24. a3 Nf6 25. Nh5 Nxh5 26. Qxh5 Rf5 27. Qh4 Qc7 28. Rd4 Rdf8 29. Bh3 R5f6 30. Qg3 d5 31. Rg1 Nf5 32. Bxf5 Rxf5 33. Qe3 Qe7 1/2-1/2

[Event "HUN-chT 1213"]
[Site "Hungary"]
[Date "2012.10.07"]
[Round "2"]
[White "Lizak, Peter"]
[Black "Vamos, Viktor"]
[Result "1-0"]
[WhiteElo "2428"]
[BlackElo "2206"]
[PlyCount "81"]
[EventDate "2012.09.16"]
[EventType "team-tourn"]
[EventRounds "9"]
[EventCountry "HUN"]
[SourceTitle "EXT 2013"]
[Source "ChessBase"]
[SourceDate "2012.11.22"]
[SourceVersion "1"]
[SourceVersionDate "2012.11.22"]
[SourceQuality "1"]
[WhiteTeam "Paks"]
[BlackTeam "Toth Laszlo"]
[WhiteTeamCountry "HUN"]
[BlackTeamCountry "HUN"]

1. c4 e5 2. g3 Nc6 3. Bg2 f5 4. Nc3 Nf6 5. d3 Bb4 6. Bd2 0-0 7. Nf3 d6 8. 0-0 Bxc3 9. Bxc3 Qe8 10. e3 f4 11. Ng5 h6 12. Ne4 Nxe4 13. dxe4 fxe3 14. f3 e2 15. Qxe2 Nd4 16. Qd3 c5 17. f4 Bg4 18. Rae1 Qh5 19. Rf2 Rf6 20. Qf1 Raf8 21. f5 Be2 22. Rexe2 Nxe2+ 23. Rxe2 Qe8 24. g4 g5 25. Bf3 Kf7 26. h4 Rg8 27. hxg5 hxg5 28. Qd1 Qc6 29. Rh2 Kf8 30. Rh7 Rg7 31. Rxg7 Kxg7 32. Qd2 Kf7 33. Qxg5 Qa4 34. Qh5+ Ke7 35. g5 Rf8 36. Qh7+ Kd8 37. f6 Kc8 38. Qe7 Re8 39. Bg4+ Kb8 40. Qxd6+ Ka8 41. f7 1-0